[Event "Moscow Aeroflot op-A"]
[Site "Moscow"]
[Date "2024.03.03"]
[Round "2"]
[White "Gareyev, Timur"]
[Black "Audi, Ameya"]
[Result "1/2-1/2"]
[WhiteElo "2558"]
[BlackElo "2378"]
[PlyCount "157"]
[EventDate "2024.03.03"]
[EventType "swiss"]
[EventRounds "9"]
[EventCountry "RUS"]
[SourceTitle "CB11_2024"]
[SourceDate "2024.03.13"]
[SourceVersion "1"]
[SourceVersionDate "2024.03.13"]
[SourceQuality "1"]

1. d4 Nf6 2. Nf3 g6 3. Nbd2 d5 4. e3 Bg7 5. b4 a5 6. b5 c5 7. bxc6 Nxc6 8. c4 0-0 9. Bb2 Bf5 10. a3 a4 11. Rc1 Ne4 12. cxd5 Nxd2 13. Qxd2 Na5 14. Qb4 Qxd5 15. Bb5 Be4 16. Rc5 Qa2 17. Bxa4 Bd3 18. Nd2 Rfc8 19. Bb3 Nxb3 20. Qxb3 Qxb3 21. Nxb3 b6 22. Rxc8+ Rxc8 23. Na1 f5 24. Kd2 Be4 25. f3 Bd5 26. Nc2 Kf7 27. Nb4 Bc4 28. Rc1 e6 29. a4 Ke8 30. Nd3 Kd8 31. Ba3 Bb3 32. a5 bxa5 33. Nc5 Bd5 34. Rb1 f4 35. Rb6 fxe3+ 36. Kxe3 Bh6+ 37. Kd3 Bf8 38. Nxe6+ Bxe6 39. Bxf8 Bc4+ 40. Kd2 Kc7 41. Rf6 a4 42. Bc5 Ra8 43. Ba3 Re8 44. Kc3 Bd5 45. Kd2 Bc4 46. h4 Re2+ 47. Kc3 Bd5 48. Bd6+ Kb7 49. Kb4 Rxg2 50. Kxa4 Rb2 51. Be5 Rb6 52. Rf8 Kc6 53. f4 Ra6+ 54. Kb4 Rb6+ 55. Kc3 Rb3+ 56. Kd2 Rh3 57. Rc8+ Kb6 58. Rc5 Be4 59. Bf6 Rf3 60. Bd8+ Ka6 61. Ke2 Rxf4 62. Ke3 Rg4 63. d5 Bf5 64. Bf6 Kb6 65. Rc1 Re4+ 66. Kf3 Kb5 67. d6 Rc4 68. Ra1 Kc6 69. Be7 Rd4 70. Ra7 h5 71. Rc7+ Kb5 72. Ke2 Re4+ 73. Kf2 Rf4+ 74. Ke3 Re4+ 75. Kf3 Rd4 76. Rc3 Rc4 77. Ra3 Rd4 78. Ra7 Kb6 79. Rc7 1/2-1/2

[Event "Moscow-ch op Superfinal"]
[Site "Ershovo"]
[Date "2024.02.24"]
[Round "3"]
[White "Kukhmazov, Arsen"]
[Black "Gareyev, Timur"]
[Result "1/2-1/2"]
[WhiteElo "2498"]
[BlackElo "2558"]
[PlyCount "48"]
[EventDate "2024.02.23"]
[EventType "swiss"]
[EventRounds "10"]
[EventCountry "RUS"]
[SourceTitle "CB10_2024"]
[SourceDate "2024.03.06"]
[SourceVersion "1"]
[SourceVersionDate "2024.03.06"]
[SourceQuality "1"]

1. d4 Nf6 2. c4 e6 3. Nf3 b6 4. g3 Ba6 5. Qc2 c5 6. d5 exd5 7. cxd5 Bb7 8. Bg2 Nxd5 9. 0-0 Be7 10. Rd1 Nc6 11. Qa4 Nf6 12. Nh4 0-0 13. Nf5 d5 14. Nc3 Nd4 15. Nxd4 cxd4 16. Rxd4 Bc5 17. Rd3 Qe8 18. Qh4 Ba6 19. Rd1 Rc8 20. Bg5 Be7 21. Nxd5 Nxd5 22. Rxd5 Bxg5 23. Rxg5 Qxe2 24. Rxg7+ Kxg7 1/2-1/2

[Event "Wch Blitz"]
[Site "Samarkand"]
[Date "2023.12.30"]
[Round "21"]
[White "Madaminov, Mukhiddin"]
[Black "Gareyev, Timur"]
[Result "1-0"]
[WhiteElo "2494"]
[BlackElo "2570"]
[PlyCount "43"]
[EventDate "2023.12.29"]
[EventType "swiss (blitz)"]
[EventRounds "21"]
[EventCountry "UZB"]
[SourceTitle "CB01_2024"]
[SourceDate "2024.01.03"]
[SourceVersion "1"]
[SourceVersionDate "2024.01.03"]
[SourceQuality "1"]

1. e4 e5 2. Nf3 Nc6 3. Bb5 a6 4. Ba4 d6 5. 0-0 Bd7 6. c3 g5 7. d4 g4 8. Ne1 h5 9. Be3 Bh6 10. Qe2 Nge7 11. Nd2 Ng6 12. Nd3 Qf6 13. Bxc6 Bxc6 14. f3 Bf4 15. Qf2 Bxe3 16. Qxe3 Qh4 17. f4 exd4 18. cxd4 0-0-0 19. f5 Ne7 20. f6 Nd5 21. exd5 Bxd5 22. g3 1-0

[Event "Wch Blitz"]
[Site "Samarkand"]
[Date "2023.12.29"]
[Round "6"]
[White "Gareyev, Timur"]
[Black "Caruana, Fabiano"]
[Result "1-0"]
[WhiteElo "2570"]
[BlackElo "2794"]
[PlyCount "81"]
[EventDate "2023.12.29"]
[EventType "swiss (blitz)"]
[EventRounds "21"]
[EventCountry "UZB"]
[SourceTitle "CB01_2024"]
[SourceDate "2024.01.03"]
[SourceVersion "1"]
[SourceVersionDate "2024.01.03"]
[SourceQuality "1"]

1. d4 Nf6 2. c4 e6 3. Nc3 d5 4. Bg5 Be7 5. e3 Nbd7 6. Nf3 h6 7. Bh4 c6 8. Qc2 0-0 9. a3 b6 10. cxd5 cxd5 11. Bd3 Bb7 12. 0-0 a6 13. a4 Nb8 14. Ne5 Nfd7 15. Bxe7 Qxe7 16. f4 Nxe5 17. fxe5 Nc6 18. Rf4 Nb4 19. Qe2 Nxd3 20. Qxd3 b5 21. h3 bxa4 22. Nxa4 Bc6 23. Nc5 a5 24. Raf1 a4 25. R1f3 Rab8 26. Qc2 Rb4 27. Kh2 Rc4 28. Qf2 Rc1 29. Rf6 Rxc5 30. dxc5 Be8 31. Rg3 g6 32. Qf4 Kg7 33. Qd4 Bb5 34. e4 Rd8 35. Rgf3 Be8 36. c6 Qc7 37. exd5 Rxd5 38. Qf4 Rc5 39. Rxe6 Bxc6 40. Qf6+ Kg8 41. Re7 1-0

[Event "Wch Rapid"]
[Site "Samarkand"]
[Date "2023.12.28"]
[Round "12"]
[White "Lazavik, Denis"]
[Black "Gareyev, Timur"]
[Result "1-0"]
[WhiteElo "2566"]
[BlackElo "2570"]
[PlyCount "75"]
[EventDate "2023.12.26"]
[EventType "swiss (rapid)"]
[EventRounds "13"]
[EventCountry "UZB"]
[SourceTitle "CB01_2024"]
[SourceDate "2024.01.03"]
[SourceVersion "1"]
[SourceVersionDate "2024.01.03"]
[SourceQuality "1"]

1. d4 d6 2. Nf3 Nf6 3. c4 g6 4. g3 Bf5 5. Bg2 Bg7 6. Qb3 Nbd7 7. Qxb7 c5 8. Qb3 0-0 9. 0-0 a5 10. Nc3 Ne4 11. Nh4 a4 12. Qd1 Ndf6 13. Nxf5 gxf5 14. dxc5 dxc5 15. Qc2 a3 16. Nb5 h5 17. bxa3 h4 18. Bb2 hxg3 19. hxg3 Ra6 20. Rad1 Qb8 21. Bxf6 Rxf6 22. Bxe4 fxe4 23. Qxe4 Rg6 24. Kg2 Be5 25. f4 Bf6 26. Rh1 Rd8 27. Rxd8+ Qxd8 28. Qd3 Qa5 29. e4 e6 30. e5 Bg7 31. Nd6 Bh6 32. Ne4 Bg7 33. Rd1 Qa4 34. Nxc5 Qc6+ 35. Ne4 Bh6 36. Kf3 Kg7 37. c5 Qa8 38. Rh1 1-0

[Event "Wch Rapid"]
[Site "Samarkand"]
[Date "2023.12.28"]
[Round "10"]
[White "Smirnov, Anton"]
[Black "Gareyev, Timur"]
[Result "1/2-1/2"]
[WhiteElo "2586"]
[BlackElo "2570"]
[PlyCount "66"]
[EventDate "2023.12.26"]
[EventType "swiss (rapid)"]
[EventRounds "13"]
[EventCountry "UZB"]
[SourceTitle "CB01_2024"]
[SourceDate "2024.01.03"]
[SourceVersion "1"]
[SourceVersionDate "2024.01.03"]
[SourceQuality "1"]

1. d4 e6 2. e4 d5 3. Nc3 dxe4 4. Nxe4 Bd7 5. Nf3 Bc6 6. Bd3 Nd7 7. Qe2 Ngf6 8. Nxf6+ Nxf6 9. c3 Qd5 10. 0-0 0-0-0 11. b4 Qh5 12. Ne5 Qxe2 13. Bxe2 Be8 14. f4 Ne4 15. Bb2 f6 16. Nf3 Nd6 17. Rfe1 Bc6 18. a4 g6 19. g3 h5 20. b5 Be4 21. Nd2 Bf5 22. c4 Nf7 23. c5 g5 24. Bc4 gxf4 25. Rxe6 Bxc5 26. dxc5 Rxd2 27. Rxf6 Ng5 28. Rxf5 Nf3+ 29. Kf1 Nxh2+ 30. Kg1 Nf3+ 31. Kf1 Nh2+ 32. Kg1 Nf3+ 33. Kf1 Nh2+ 1/2-1/2

[Event "Wch Rapid"]
[Site "Samarkand"]
[Date "2023.12.27"]
[Round "7"]
[White "Fedoseev, Vladimir1"]
[Black "Gareyev, Timur"]
[Result "1-0"]
[WhiteElo "2683"]
[BlackElo "2570"]
[PlyCount "103"]
[EventDate "2023.12.26"]
[EventType "swiss (rapid)"]
[EventRounds "13"]
[EventCountry "UZB"]
[SourceTitle "CB01_2024"]
[SourceDate "2024.01.03"]
[SourceVersion "1"]
[SourceVersionDate "2024.01.03"]
[SourceQuality "1"]

1. d4 d6 2. c4 e5 3. Nf3 e4 4. Ng5 f5 5. Nc3 Be7 6. Nh3 Nf6 7. Bg5 0-0 8. e3 h6 9. Bxf6 Bxf6 10. Qc2 c5 11. dxc5 dxc5 12. Nf4 Nc6 13. Be2 Be5 14. Ng6 Re8 15. Nxe5 Rxe5 16. Rd1 Qg5 17. 0-0 Be6 18. Nd5 Re8 19. a3 Bf7 20. b4 cxb4 21. axb4 Ne7 22. Qa4 Nxd5 23. cxd5 f4 24. exf4 Qxf4 25. d6 e3 26. Qxa7 exf2+ 27. Qxf2 Qxf2+ 28. Rxf2 Rd8 29. Bf3 Bb3 30. Rd4 Re1+ 31. Rf1 Rxf1+ 32. Kxf1 b6 33. Bg4 Kf7 34. Ke2 Kf6 35. d7 Ke5 36. Ke3 Bd5 37. g3 Bc6 38. h4 Bd5 39. Bh3 g5 40. b5 Bf7 41. Ra4 Kd6 42. Ra6 Kc7 43. Ra7+ Kb8 44. Ra4 Kc7 45. Bf5 Kd6 46. Ra6 Kc5 47. Ra7 Kxb5 48. Rc7 Be8 49. h5 Bxd7 50. Bxd7+ Kb4 51. Ke4 Rf8 52. Rc6 1-0

[Event "KAZ Cup Final"]
[Site "Almaty"]
[Date "2023.11.30"]
[Round "2.1"]
[White "Makhnev, Denis"]
[Black "Gareyev, Timur"]
[Result "1-0"]
[WhiteElo "2466"]
[BlackElo "2570"]
[PlyCount "71"]
[EventDate "2023.11.28"]
[EventType "k.o."]
[EventRounds "4"]
[EventCountry "KAZ"]
[SourceTitle "CB49_2023"]
[SourceDate "2023.12.06"]
[SourceVersion "1"]
[SourceVersionDate "2023.12.06"]
[SourceQuality "1"]

1. d4 Nf6 2. c4 e6 3. Nf3 Bb4+ 4. Bd2 c5 5. Bxb4 cxb4 6. e3 b6 7. Bd3 Bb7 8. Nbd2 0-0 9. 0-0 d6 10. Re1 h6 11. e4 e5 12. Nf1 Na6 13. Ng3 Qc7 14. Qd2 Rfe8 15. Rad1 Rad8 16. b3 Bc8 17. h3 Qe7 18. Bc2 Nh7 19. Re3 Ng5 20. Nxg5 Qxg5 21. Rd3 exd4 22. Rxd4 Qxd2 23. R1xd2 Nc5 24. Rxd6 Rxd6 25. Rxd6 Bb7 26. f3 g6 27. h4 h5 28. Kf2 Kf8 29. Nf1 Ke7 30. Rd1 a5 31. Ne3 Rc8 32. Rd2 Bc6 33. Nd5+ Bxd5 34. cxd5 Nd7 35. d6+ Ke6 36. Bd3 1-0

[Event "KAZ Cup Final"]
[Site "Almaty"]
[Date "2023.11.29"]
[Round "1.4"]
[White "Gareyev, Timur"]
[Black "Urazayev, Arystanbek"]
[Result "1-0"]
[WhiteElo "2570"]
[BlackElo "2478"]
[PlyCount "127"]
[EventDate "2023.11.28"]
[EventType "k.o."]
[EventRounds "4"]
[EventCountry "KAZ"]
[SourceTitle "CB49_2023"]
[SourceDate "2023.12.06"]
[SourceVersion "1"]
[SourceVersionDate "2023.12.06"]
[SourceQuality "1"]

1. d4 d5 2. c4 e6 3. Nc3 Nf6 4. cxd5 exd5 5. Bg5 c6 6. Qc2 Bd6 7. e3 0-0 8. Bd3 h6 9. Bh4 Re8 10. Nf3 Be6 11. Ne5 c5 12. 0-0 cxd4 13. exd4 Nc6 14. Nxc6 bxc6 15. h3 Be7 16. Ne2 Bd7 17. Bg3 Qb6 18. Rad1 Rac8 19. Nc3 c5 20. Be5 cxd4 21. Bxd4 Bc5 22. Bxf6 Qxf6 23. Nxd5 Qg5 24. Qd2 Be6 25. Qxg5 hxg5 26. Ba6 Rb8 27. Nc7 Re7 28. Nxe6 Rxe6 29. Bc4 Re5 30. b3 Rbe8 31. g3 R8e7 32. Rd8+ Kh7 33. Rfd1 g6 34. Kg2 Kg7 35. R1d5 Bb6 36. R8d7 Rxd7 37. Rxd7 Rf5 38. f3 Bc5 39. Bd5 a5 40. Kf1 Kf8 41. Ke2 Ke8 42. Bc6 Kf8 43. Kd3 Bf2 44. g4 Rf6 45. Be4 Ke8 46. Rd5 Be1 47. Rxg5 Rd6+ 48. Kc4 Ke7 49. Rb5 Rd7 50. Bxg6 Rc7+ 51. Kd3 Bb4 52. Be4 Kd6 53. Ke2 Rc1 54. Rd5+ Ke7 55. Rd1 Rc3 56. h4 Kf6 57. Rd5 Rc1 58. g5+ Ke6 59. Rd1 Rc5 60. f4 Rc3 61. Bd3 a4 62. bxa4 Ra3 63. Bc4+ Kf5 64. Bb3 1-0

[Event "FIDE World Cup"]
[Site "Baku"]
[Date "2023.07.30"]
[Round "1.1"]
[White "Gareyev, Timur"]
[Black "Cordova, Emilio"]
[Result "0-1"]
[WhiteElo "2581"]
[BlackElo "2542"]
[PlyCount "113"]
[EventDate "2023.07.30"]
[EventType "k.o."]
[EventRounds "8"]
[EventCountry "AZE"]
[SourceTitle "EXT 2024"]
[Source "ChessBase"]
[SourceDate "2023.10.10"]
[SourceVersion "1"]
[SourceVersionDate "2023.10.10"]
[SourceQuality "1"]

1. d4 Nf6 2. c4 e6 3. Nf3 b6 4. a3 Ba6 5. Qc2 Bb7 6. Nc3 c5 7. e4 cxd4 8. Nxd4 Bc5 9. Nf3 Nc6 10. b4 Bd6 11. Bb2 Qb8 12. Rd1 Be7 13. Be2 d6 14. Nd5 exd5 15. cxd5 Ne5 16. Nxe5 dxe5 17. Bb5+ Kf8 18. 0-0 a6 19. Bc6 Bxc6 20. dxc6 Qe8 21. Bxe5 Rc8 22. c7 h5 23. Rd3 Rh6 24. Bf4 Rg6 25. e5 Nh7 26. Rc3 Kg8 27. Be3 a5 28. bxa5 bxa5 29. Rb1 Ra6 30. h3 Nf8 31. f4 h4 32. f5 Nd7 33. Qd3 Raa8 34. e6 fxe6 35. fxe6 Nf8 36. Qd5 Ra6 37. Re1 Rxe6 38. Bf2 Qd7 39. Qc4 Bf6 40. Rcc1 Qf7 41. Rxe6 Nxe6 42. Qa6 Rxc7 43. Rxc7 Nxc7 44. Qxa5 Qc4 45. Qc5 Qf4 46. Qc2 Nd5 47. Qc8+ Kh7 48. Qc2+ g6 49. Qd1 Be5 50. Qe1 Nc3 51. Qe3 Qf5 52. Qa7+ Kh6 53. Qe3+ g5 54. Qe1 Kg6 55. Bb6 Qf4 56. Be3 Qc4 57. Qf1 0-1

[Event "Julius Baer Play In Match"]
[Site "Chess.com INT"]
[Date "2023.07.25"]
[Round "1.1"]
[White "Terry, Renato"]
[Black "Gareyev, Timur"]
[Result "0-1"]
[WhiteElo "2520"]
[BlackElo "2581"]
[PlyCount "100"]
[EventDate "2023.07.24"]
[EventType "k.o. (rapid)"]
[EventRounds "1"]
[EventCountry "GER"]
[SourceTitle "CBM 215 Extra"]
[Source "ChessBase"]
[SourceDate "2023.09.30"]
[SourceVersion "1"]
[SourceVersionDate "2023.09.30"]
[SourceQuality "1"]

1. Nf3 c5 2. g3 g6 3. Bg2 Bg7 4. c3 e5 5. e4 Nc6 6. 0-0 Nge7 7. d3 0-0 8. Na3 d5 9. exd5 Nxd5 10. Nc4 h6 11. a4 Be6 12. Re1 Qc7 13. a5 Rad8 14. Qa4 Rfe8 15. Nfd2 Nde7 16. Ne4 b6 17. axb6 axb6 18. Qb5 f5 19. Ned2 Rb8 20. Ra6 Na7 21. Qa4 Nec6 22. Qc2 b5 23. Ne3 Qc8 24. Ra1 Bf7 25. Nb3 Bf8 26. h4 Qd7 27. Na5 f4 28. Nf1 g5 29. hxg5 hxg5 30. Nh2 Rb6 31. Be4 Nxa5 32. Rxa5 Nc6 33. Ra1 Bg7 34. Qe2 Ne7 35. Qg4 Qxg4 36. Nxg4 Be6 37. Nh2 Nf5 38. Kg2 Nd6 39. Bg6 Bd5+ 40. Kg1 Rf8 41. Ng4 Nf5 42. Nxe5 Re6 43. Bxf5 Rxf5 44. d4 cxd4 45. cxd4 fxg3 46. f3 Bxe5 47. Rxe5 Rexe5 48. dxe5 Bxf3 49. Ra3 g4 50. e6 Rh5 0-1

[Event "Julius Baer Play In"]
[Site "Chess.com INT"]
[Date "2023.07.24"]
[Round "3.5"]
[White "Gareyev, Timur"]
[Black "Xiong, Jeffery"]
[Result "1/2-1/2"]
[WhiteElo "2581"]
[BlackElo "2693"]
[PlyCount "28"]
[EventDate "2023.07.24"]
[EventType "swiss (rapid)"]
[EventRounds "9"]
[EventCountry "GER"]
[SourceTitle "CBM 215 Extra"]
[Source "ChessBase"]
[SourceDate "2023.09.30"]
[SourceVersion "1"]
[SourceVersionDate "2023.09.30"]
[SourceQuality "1"]

1. d4 Nf6 2. c4 e6 3. Nf3 d5 4. Nc3 c5 5. cxd5 cxd4 6. Qxd4 exd5 7. e3 Nc6 8. Qd3 Bg4 9. Be2 Bd6 10. 0-0 0-0 11. a3 Qd7 12. Nd4 Bxe2 13. Ncxe2 Ne4 14. Ng3 Nxd4 1/2-1/2

[Event "Julius Baer Play In"]
[Site "Chess.com INT"]
[Date "2023.07.24"]
[Round "6.16"]
[White "Muradli, Mahammad"]
[Black "Gareyev, Timur"]
[Result "1-0"]
[WhiteElo "2546"]
[BlackElo "2581"]
[PlyCount "109"]
[EventDate "2023.07.24"]
[EventType "swiss (rapid)"]
[EventRounds "9"]
[EventCountry "GER"]
[SourceTitle "CBM 215 Extra"]
[Source "ChessBase"]
[SourceDate "2023.09.30"]
[SourceVersion "1"]
[SourceVersionDate "2023.09.30"]
[SourceQuality "1"]

1. c4 g6 2. d4 Bg7 3. e4 c5 4. d5 d6 5. Nf3 e6 6. Nc3 Bxc3+ 7. bxc3 e5 8. h4 h5 9. Bd3 Nd7 10. Ng5 Ngf6 11. f4 Qe7 12. f5 gxf5 13. exf5 Ng4 14. 0-0 Ndf6 15. Be2 Bd7 16. Rb1 0-0-0 17. Qb3 Be8 18. Bxg4 hxg4 19. g3 Rd7 20. Kg2 Rc7 21. Be3 Kb8 22. Rb2 Qd8 23. Rfb1 Qc8 24. Qc2 Bd7 25. Rf1 Qe8 26. Qb1 Ba4 27. Qd3 b6 28. Kf2 Kb7 29. Ke1 Ka6 30. Kd2 Rb7 31. Kc1 Qd7 32. Rg2 Rhb8 33. Rb2 b5 34. cxb5+ Bxb5 35. c4 Ba4 36. Rff2 Rb6 37. Rxb6+ axb6 38. Rb2 Kb7 39. Ne4 Nxe4 40. Qxe4 Ka6 41. Qxg4 f6 42. Qe4 Qh7 43. Qd3 Bd7 44. Qa3+ Kb7 45. Bxc5 dxc5 46. Qxc5 Ka7 47. Qa3+ Kb7 48. c5 Rc8 49. Rxb6+ Kc7 50. Qa5 Kd8 51. Re6+ Rc7 52. d6 Bxe6 53. fxe6 Qh6+ 54. Kb2 Qd2+ 55. Qxd2 1-0

[Event "Aimchess Rapid Div 3 L"]
[Site "Chess.com INT"]
[Date "2023.07.11"]
[Round "3.2"]
[White "Gareyev, Timur"]
[Black "Smirnov, Pavel"]
[Result "0-1"]
[WhiteElo "2581"]
[BlackElo "2538"]
[PlyCount "100"]
[EventDate "2023.07.10"]
[EventType "k.o. (rapid)"]
[EventRounds "8"]
[EventCountry "USA"]
[SourceTitle "CBM 215 Extra"]
[Source "ChessBase"]
[SourceDate "2023.09.30"]
[SourceVersion "1"]
[SourceVersionDate "2023.09.30"]
[SourceQuality "1"]

1. d4 Nf6 2. c4 e6 3. Nf3 d5 4. e3 b6 5. Nc3 Bb7 6. cxd5 exd5 7. Bb5+ c6 8. Bd3 Nbd7 9. 0-0 Be7 10. e4 dxe4 11. Nxe4 Nxe4 12. Bxe4 Nf6 13. Bc2 0-0 14. Bg5 Nd5 15. Qd2 f6 16. Qd3 g6 17. Bh6 Rf7 18. a3 Bf8 19. Bxf8 Qxf8 20. Rfe1 Rd8 21. Bb3 Kh8 22. Rac1 Rfd7 23. Qd2 Qg7 24. h4 Rd6 25. Re4 Nc7 26. Rce1 R6d7 27. Qe2 c5 28. Re7 Bxf3 29. Rxd7 Qxd7 30. Qxf3 Kg7 31. dxc5 bxc5 32. h5 Qd6 33. g3 Rd7 34. Kg2 Qb6 35. Re3 Qd6 36. Bc4 Qb6 37. Bb3 a6 38. Ba4 Nb5 39. b4 c4 40. Qe4 Qc7 41. hxg6 hxg6 42. Qf3 Rd6 43. Qe2 Rd7 44. Qf3 Qd6 45. Qe4 Rc7 46. Qf3 c3 47. Bxb5 c2 48. Rd3 Qe5 49. Re3 Qxb5 50. Re6 Qf5 0-1

[Event "Aimchess Rapid Div 3 L"]
[Site "Chess.com INT"]
[Date "2023.07.11"]
[Round "3.3"]
[White "Gareyev, Timur"]
[Black "Smirnov, Pavel"]
[Result "0-1"]
[WhiteElo "2581"]
[BlackElo "2538"]
[PlyCount "66"]
[EventDate "2023.07.10"]
[EventType "k.o. (rapid)"]
[EventRounds "8"]
[EventCountry "USA"]
[SourceTitle "CBM 215 Extra"]
[Source "ChessBase"]
[SourceDate "2023.09.30"]
[SourceVersion "1"]
[SourceVersionDate "2023.09.30"]
[SourceQuality "1"]

1. d4 Nf6 2. c4 e6 3. Nc3 Bb4 4. Nf3 0-0 5. Bg5 c5 6. e3 cxd4 7. exd4 d5 8. Rc1 h6 9. Bh4 Nc6 10. Bd3 dxc4 11. Bxc4 Be7 12. 0-0 Bd7 13. a3 Rc8 14. Ba2 Nh5 15. Bg3 Nxg3 16. hxg3 Bf6 17. Qd3 Ne7 18. Ne4 Ng6 19. Rxc8 Bxc8 20. Re1 Be7 21. Nc3 Re8 22. d5 Bf6 23. Ne4 Bxb2 24. d6 Bd7 25. Rb1 Ne5 26. Qc2 Nxf3+ 27. gxf3 Bd4 28. Rxb7 Bb6 29. Nc5 Bc8 30. d7 Bxb7 31. dxe8Q+ Qxe8 32. Nxb7 Qd7 33. Qe4 Qd2 0-1

[Event "Titled Tuesday intern op 11th Jul Late"]
[Site "Chess.com INT"]
[Date "2023.07.11"]
[Round "1"]
[White "Rangel, Daniel"]
[Black "Gareyev, Timur"]
[Result "1-0"]
[WhiteElo "2199"]
[BlackElo "2581"]
[PlyCount "69"]
[EventDate "2023.07.11"]
[EventType "swiss (blitz)"]
[EventRounds "11"]
[EventCountry "USA"]
[SourceTitle "EXT 2024"]
[Source "ChessBase"]
[SourceDate "2023.10.10"]
[SourceVersion "1"]
[SourceVersionDate "2023.10.10"]
[SourceQuality "1"]

1. c4 a5 2. g3 h5 3. Nf3 d6 4. d4 Na6 5. Nc3 g6 6. Bg2 Bg7 7. 0-0 c6 8. Bg5 Nc7 9. d5 Bd7 10. e4 Nf6 11. e5 dxe5 12. Nxe5 cxd5 13. cxd5 Ra6 14. Re1 0-0 15. Qb3 Nh7 16. Nxd7 Nxg5 17. Nxf8 Bxf8 18. Qxb7 Rf6 19. h4 Nh7 20. Rac1 Ne8 21. Ne4 Rb6 22. Qc8 Qxc8 23. Rxc8 Nhf6 24. Nxf6+ Nxf6 25. b3 Kg7 26. Ra8 Rb5 27. Rc1 Rb4 28. Rcc8 Nh7 29. Rxa5 Rd4 30. Bf3 g5 31. Ra4 Rd3 32. Be4 Rd1+ 33. Kg2 Nf6 34. Bf3 g4 35. Bxd1 1-0

[Event "Aimchess Rapid Div 3 L"]
[Site "Chess.com INT"]
[Date "2023.07.11"]
[Round "3.1"]
[White "Smirnov, Pavel"]
[Black "Gareyev, Timur"]
[Result "0-1"]
[WhiteElo "2538"]
[BlackElo "2581"]
[PlyCount "54"]
[EventDate "2023.07.10"]
[EventType "k.o. (rapid)"]
[EventRounds "8"]
[EventCountry "USA"]
[SourceTitle "CBM 215 Extra"]
[Source "ChessBase"]
[SourceDate "2023.09.30"]
[SourceVersion "1"]
[SourceVersionDate "2023.09.30"]
[SourceQuality "1"]

1. d4 Nf6 2. c4 e6 3. g3 c5 4. Nf3 cxd4 5. Nxd4 d5 6. Bg2 e5 7. Nf3 d4 8. 0-0 Nc6 9. e3 Be7 10. exd4 exd4 11. Bf4 0-0 12. Ne5 Be6 13. Bxc6 bxc6 14. Nxc6 Qd7 15. Nxe7+ Qxe7 16. Nd2 Bh3 17. Re1 Qb7 18. Qf3 Qxb2 19. Qb3 Qc3 20. Rac1 Rfe8 21. Red1 Qa5 22. Nf3 Rad8 23. c5 Ne4 24. Rxd4 Rxd4 25. Nxd4 Nxc5 26. Qb1 Nd3 27. Rd1 Qd5 0-1

[Event "Aktobe Dvorkovich op"]
[Site "Aktobe"]
[Date "2023.06.27"]
[Round "9"]
[White "Abdyjapar, Asyl"]
[Black "Gareyev, Timur"]
[Result "0-1"]
[WhiteElo "2282"]
[BlackElo "2590"]
[PlyCount "134"]
[EventDate "2023.06.20"]
[EventType "swiss"]
[EventRounds "9"]
[EventCountry "KAZ"]
[SourceTitle "EXT 2024"]
[Source "ChessBase"]
[SourceDate "2023.10.10"]
[SourceVersion "1"]
[SourceVersionDate "2023.10.10"]
[SourceQuality "1"]

1. d4 Nf6 2. c4 e6 3. Nf3 b6 4. e3 Bb7 5. Nc3 d5 6. cxd5 exd5 7. Bb5+ c6 8. Bd3 Be7 9. 0-0 0-0 10. e4 dxe4 11. Nxe4 Nbd7 12. Nc3 c5 13. d5 Bd6 14. Bg5 h6 15. Bh4 a6 16. Bc2 Qc7 17. Qd3 c4 18. Qf5 Rae8 19. Rfe1 Bc8 20. Qh3 Ne5 21. Bf5 Nxf3+ 22. Qxf3 Bxf5 23. Qxf5 Bxh2+ 24. Kh1 Be5 25. Re3 Bd4 26. Rxe8 Rxe8 27. Rd1 Qe5 28. Qf3 Bxc3 29. bxc3 Nd7 30. Rd4 b5 31. Qg4 Nf6 32. Bxf6 Qxf6 33. d6 Rd8 34. d7 Qe6 35. Qd1 Qe5 36. f3 Kf8 37. Qd2 Qh5+ 38. Kg1 Qc5 39. Kh1 Qh5+ 40. Kg1 Qg5 41. f4 Qe7 42. Rd5 Qe4 43. Rd4 Qc6 44. Rd5 b4 45. Rd4 bxc3 46. Qxc3 Rxd7 47. Rxd7 Qxd7 48. Qxc4 Qd6 49. a4 a5 50. g3 g5 51. Kg2 Qd2+ 52. Kh3 gxf4 53. gxf4 Kg7 54. Qe4 Qc3+ 55. Kh2 Qc5 56. Kg2 Kf6 57. Kf1 Qf5 58. Qd4+ Kg6 59. Kf2 h5 60. Ke3 h4 61. Kf2 Qc2+ 62. Kf3 h3 63. Qb6+ Kh7 64. Qxa5 Qg2+ 65. Ke3 Qg3+ 66. Ke2 Qg4+ 67. Ke3 h2 0-1